Capitals of South America - Statistics

General Stats
  • This quiz has been taken 508 times
  • The average score is 10 of 12
Answer Stats
Hint Answer % Correct
Brazil Brasilia
95%
Argentina Buenos Aires
92%
Peru Lima
91%
Chile Santiago
91%
Colombia Bogota
86%
Bolivia La Paz or Sucre
83%
Ecuador Quito
81%
Venezuela Caracas
78%
Uruguay Montevideo
77%
Paraguay Asuncion
71%
Guyana Georgetown
67%
Suriname Paramaribo
61%
No matching quizzes found
Score Distribution
Percent of People with Each Score
Percentile by Number Answered
Your Score History
You have not taken this quiz